Σύγχρονη ευρωπαϊκή ιστορία : από τη Βαστίλη στο τείχος του Βερολίνου (1789-1989)

Αποθηκεύτηκε σε:
Λεπτομέρειες βιβλιογραφικής εγγραφής
Κύριος συγγραφέας: Τσακαλογιάννης, Πάνος
Μορφή: Βιβλίο
Γλώσσα:Greek
Δημοσίευση: Αθήνα : Εστία, 2000.
Έκδοση:2η έκδ.
Σειρά:Πολιτική και ιστορία (Εστία) ; 41
Θέματα:
Ετικέτες: Προσθήκη ετικέτας
Δεν υπάρχουν, Καταχωρήστε ετικέτα πρώτοι!

MARC

LEADER 00000cam a2200000 i 4500
001 1/87823
008 051020s2000 gr | ||| |||| ||gre||
020 |a 9600508933   |q (σετ) 
020 |a 9600508941   |q (τ.1) 
035 |l 10080921 
040 |a GR-MY-UA  |b gre  |e aacr 
041 0 |a gre 
082 7 |a 940.2   |2 (22) 
100 1 |a Τσακαλογιάννης, Πάνος. 
245 1 0 |a Σύγχρονη ευρωπαϊκή ιστορία :   |b από τη Βαστίλη στο τείχος του Βερολίνου (1789-1989) /   |c Πάνος Τσακαλογιάννης.  
250 |a 2η έκδ. 
260 |a Αθήνα :   |b Εστία,   |c 2000.  
300 |a 484 σ. ;   |c 21 εκ. 
490 1 |a (Πολιτική και ιστορία / Εστία ;   |v  41) 
651 0 |a Europe  |x History  |y 1789-1890. 
830 0 |a Πολιτική και ιστορία (Εστία)  |v  ; 41 
852 |a INST  |b LESVOS  |e 20051020  |h 940.2 ΤΣΑ  |p 005100032854  |q 005100032854  |t BK  |y 0  |z τ.1 
852 |a INST  |b LESVOS  |e 20051020  |h 940.2 ΤΣΑ  |p 005100032854  |q 005100032854  |t BK  |v τ.1:  |y 0  |z τ.1 
853 |a INST  |b LESVOS  |h 940.2 ΤΣΑ 
901 |a BIBL1-2005-3 
909 |a Λ  |b 124374 
922 |a 1ΕΛΗ  |b 200510  |c Παράρτημα Λέσβου  |d Χατζηδανιήλ 
970 |a ΚΑΡΑ  |b ΓΙΑΣΕΜΗ  |z 2005/10/20